000 00787nam a2200205 a 4500
008 200819s2019 ||||||||||||||||| || u
020 _a9781108468237
050 _aHM 786 Zie
100 _aVoronov, Maxim
245 1 0 _aEmotions in organization theory
_cBy Charlene Zietsma; Madeline Toubiana; Maxim Voronov; Anna Roberts
260 _aCambridge
_bCambridge University Press
_c2019
300 _aiv, 100 pages
490 _aElements in organizational theory
650 _aORGANIZATIONAL SOCIOLOGY
650 _aEMOTIONS
700 _aZietsma, Charlene
700 _aToubiana, Madeline
700 _aRoberts, Anna
995 _D15.38
_FCBU-MAIN LIBRARY (Kitwe)
_M1
_UAVAILABLE
_WAug 24, 2020
_ZMain Library Open Access Collection
999 _c41749
_d41749